00300nam a2200121Ia 4500008004100000100001200041245004400053260002600097300000800123650002200131942000800153999001700161190216s9999||||xx |||||||||||||| ||und|| aJha. Sn 0aPolitical Science An Introduction. Xi. bNcrt - Newdelhic2002 a122 aPolitical Science cREF c36691d36691